Every EToH Tower: Deluxe [Sorted By Difficulty] - Statistics

General Stats
  • This quiz has been taken 15 times
    14 since last reset
  • The average score is 26 of 177
Answer Stats
Rating Structure Type Location % Correct
2.00 . / Tower of B M Unreleased Ring 0 | Purgatorio
100%
1.11 Not Even A Tower Mini Tower Ring 1 | Limbo
56%
1.50 Tower of Anger Normal Ring 1 | Limbo
56%
1.21 Tower of Annoyingly Simple Trials Replaced 100M Replay
56%
1.25 Tower of A Simple Time Normal Ring 1 | Limbo
44%
0.?? Tower of Slight Unhappiness Removed Ring 1 | Limbo
44%
1.35 Tower of Buttons Unreleased Ring 0 | Purgatorio
33%
2.58 Tower of Buttons Replaced Removed Tower Replay
33%
1.65 Tower of Jolly Good Fun Normal Forgotten Ridge
33%
3.26 Tower of Peace Normal Zone 1 | Sea
33%
1.55 Tower of Peaceful Happiness and Tranquility Normal Zone 1 | Sea
33%
1.05 Tower of Six Feet Under Normal Zone 3 | Sky
33%
1.90 Tower of Spiralling Heights Normal Ring 4 | Greed
33%
1.41 100M Trial Event 100M Replay
22%
1.07 Maybe A Tower Mini Tower Ring 2 | Desire
22%
1.54 Possibly A Tower Mini Tower Paradise Atoll
22%
1.86 Steeple of Golf Course Unreleased Steelspire Horizon
22%
1.22 Steeple of Meaningless Decisions Steeple Forgotten Ridge
22%
2.67 Steeple of Overgrowth Steeple Garden of Eeshöl
22%
3.74 Steeple of Uninstalling Roblox Steeple Forgotten Ridge
22%
1.80 Tower of Critical Damage Unreleased Ring 0 | Purgatorio
22%
1.?? Tower of Easy Modo Deconfirmed Zone 1 | Sea
22%
3.54 Tower of Fatness Normal Ring 3 | Gluttony
22%
1.49 Tower of Frame Carvings Monthly Time-Lost Plain
22%
1.70 Tower of Funny Thoughts Normal Ring 3 | Gluttony
22%
1.00 Tower of Genesis Unreleased Ring 0 | Purgatorio
22%
2.75 Tower of Jazz Normal Zone 7 | Asteroid Belt
22%
1.84 Tower of Modernistic Design Choices Removed Pit of Misery
22%
1.53 Tower of Motion Evolution Unreleased Ring 0 | Purgatorio
22%
2.85 Tower of Nice Views Normal Ring 5 | Wrath
22%
2.80 Tower of Noticeable Infuriation Normal Ring 1 | Limbo
22%
1.?? Tower of One Equals Zero Removed Ring 2 | Desire
22%
1.15 Tower of Zero Disturbances Normal Zone 1 | Sea
22%
1.31 100M Celebration Event 100M Replay
11%
2.83 Ballze Tower Event The Stronghold
11%
3.55 Citadel of Victory Unreleased Ring 0 | Purgatorio
11%
3.72 EESHOL Event The Doghouse
11%
2.88 Lemonade Luh Luh Lemonade Event Something Otherworldly...
11%
2.90 Mini-Steeple of Gamer Moments Event Fool's Ring 9
11%
3.97 Rainbow Tower Event Something Otherworldly...
11%
3.94 Steeple of Abyssal Upturn Steeple Paradise Atoll
11%
2.86 Steeple of Adventurous Explorations Monthly Time-Lost Plain
11%
2.83 Steeple of Amazing Gifts Event T H I R S T Z O N E
11%
2.44 Steeple of Astounding Sorcery Steeple Arcane Area
11%
3.36 Steeple of Atmospheric Powers Steeple Arcane Area
11%
1.11 Steeple of Beginner's Journey Steeple Garden of Eeshöl
11%
2.39 Steeple of Biome Traversing Steeple Arcane Area
11%
3.94 Steeple of Button Venturing Event Heccfire Depths
11%
1.54 Steeple of Devil's Snare Steeple Garden of Eeshöl
11%
3.84 Steeple of Dungeon Crawling Event Harvest Carnival
11%
2.39 Steeple of Espalier Monthly Time-Lost Tempest
11%
2.98 Steeple of Evergreen Ascension Event Snowy Cabin
11%
2.2? / 2.3? Steeple of Fading Memories Removed Removed Tower Replay
11%
3.80 Steeple of Feudal Foliage Steeple Garden of Eeshöl
11%
3.29 Steeple of Forsaken Anguish Event Eclipsed Headquarters
11%
3.75 Steeple of Garden Hose Monthly Time-Lost Sands
11%
1.90 Steeple of Ghostly Mischief Event Harvest Carnival
11%
3.70 Steeple of Greenhouse Placidity Steeple Garden of Eeshöl
11%
2.46 Steeple of Headstone Evocation Event Eclipsed Headquarters
11%
2.32 Steeple of Infectious Foliage Steeple Garden of Eeshöl
11%
3.83 Steeple of Jungle Thrill Monthly Time-Lost Clockwork
11%
3.84 Steeple of Lost In Quiescence Steeple Garden of Eeshöl
11%
2.78 Steeple of Low Woe Steeple Forgotten Ridge
11%
1.76 Steeple of Mystical Marine Steeple Paradise Atoll
11%
2.81 Steeple of Nightfall Steeple Garden of Eeshöl
11%
3.16 Steeple of Overgrown Ascension Steeple Garden of Eeshöl
11%
3.38 Steeple of Oversized Picking Monthly Time-Lost Sands
11%
2.90 Steeple of Pleasant Enjoyment Monthly Unknown
11%
2.86 Steeple of Pursuit Steeple Forgotten Ridge
11%
2.35 Steeple of Questions Monthly Time-Lost Plain
11%
2.98 Steeple of Realm Crossing Event Forsaken Manor
11%
3.17 Steeple of Realm Odyssey Steeple Arcane Area
11%
3.41 Steeple of Rising Molten Rocks Event Heccfire Depths
11%
3.67 Steeple of Scrumptious Travels Event Old Frosted Kingdom
11%
2.76 Steeple of Spring Jubilation Event Beggmuda Triangle
11%
3.29 Steeple of Vivid Island Venturing Monthly Time-Lost Tempest
11%
2.37 Steeple of Wrathful Ornaments Event Snowmetropolis
11%
1.43 Steeple of Zip Zap Pop! Unreleased Steelspire Horizon
11%
3.61 This Is Probably A Tower Mini Tower Forgotten Ridge
11%
1.81 Tower Not Found Unreleased Ring 0 | Purgatorio
11%
3.52 Tower of Advanced Electronics Monthly Time-Lost Tempest
11%
2.62 Tower of Ancient Trickery Normal Ring 3 | Gluttony
11%
1.8? / 1.9? Tower of Another Beginning Replaced Removed Tower Replay
11%
2.95 Tower of Aquatic Contemplation Normal Zone 4 | Exosphere
11%
2.47 Tower of Atlantic Depths Normal Zone 1 | Sea
11%
3.40 Tower of Big Hole Normal Ring 2 | Desire
11%
2.?? Tower of Brightness to Darkness Scrapped Unplayable
11%
2.07 Tower of Broken Bricks Normal Zone 3 | Sky
11%
2.31 Tower of Cake Walk Monthly Unknown
11%
3.77 Tower of Calm Before The Storm Unreleased Steelspire Horizon
11%
2.86 Tower of Camels of The Sky Monthly Time-Lost Sands
11%
2.77 Tower of Client Object Frenzy Normal Zone 3 | Sky
11%
1.82 Tower of Coolio Sliding Monthly Time-Lost Plain
11%
3.93 Tower of Cosmic Tides Normal Zone 8 | Pluto
11%
3.58 Tower of Cracked, Crushed Cubes Normal Zone 3 | Sky
11%
3.62 Tower of Dancing All Night Unreleased Ring 0 | Purgatorio
11%
2.83 Tower of Deep Sighing Normal Ring 3 | Gluttony
11%
3.96 Tower of Easing Exultant Expeditions Monthly Time-Lost Tempest
11%
3.92 Tower of Elysium Normal Ring 4 | Greed
11%
2.89 Tower of Excessive Weirdness Normal Lost River
11%
1.58 Tower of Fairly Simple Challenges Normal Zone 4 | Exosphere
11%
3.10 Tower of Fly High Unreleased Steelspire Horizon
11%
3.64 Tower of Foreign Domains Normal Zone 6 | Mars
11%
3.03 Tower of Friendly Jumps Normal Ring 6 | Heresy
11%
2.66 Tower of Fruity Zeal Normal Ashen Towerworks
11%
3.29 Tower of Fun and Simple Trials Normal Zone 4 | Exosphere
11%
2.84 Tower of Getting Gnomed Normal Ring 4 | Greed
11%
3.55 Tower of Getting Kinda Disappointed Replaced The Doghouse
11%
2.01 Tower of Grass Monthly Time-Lost Plain
11%
3.57 Tower of Ground Level Ascension Normal Zone 2 | Surface
11%
3.48 Tower of Hands Sweating Normal Zone 1 | Sea
11%
3.30 Tower of Hecc Normal Ring 1 | Limbo
11%
3.20 Tower of High Quality Fishing Boat Event Terrain World
11%
2.86 Tower of Intergalactic Voyages Monthly Time-Lost Clockwork
11%
2.09 Tower of Inverted Colors Normal Ring 3 | Gluttony
11%
3.36 Tower of Jubilant Exercises Monthly Time-Lost Tempest
11%
3.00 Tower of Keys to Success Unreleased Ring 0 | Purgatorio
11%
3.47 Tower of Killjoys Normal Ring 1 | Limbo
11%
2.54 Tower of Kinetic Potential Unreleased Ring 0 | Purgatorio
11%
1.79 Tower of Light Hues Monthly Time-Lost Sands
11%
3.75 Tower of Linear Troubles Monthly Unknown, Currently Ring 2 | Desire
11%
1.87 Tower of Little Frustration Monthly Time-Lost Sands
11%
2.12 Tower of Madness Normal Ring 1 | Limbo
11%
3.46 Tower of Many Realms Monthly Time-Lost Plain
11%
3.43 Tower of Medium Demon Monthly Time-Lost Clockwork
11%
3.76 Tower of Melons In Time Normal Zone 8 | Pluto
11%
3.54 Tower of Mild Irritation Monthly Time-Lost Plain
11%
3.91 Tower of Mirrored Hecc Normal Zone 1 | Sea
11%
3.90 Tower of Needing Basic Aptitude Normal Ring 8 | Fraud
11%
2.71 Tower of No Distress Monthly Time-Lost Clockwork
11%
2.70 Tower of No Strings Attached Unreleased Ring 0 | Purgatorio
11%
2.53 Tower of Odd Algorithm Monthly Time-Lost Sands
11%
2.71 Tower of Optimistic Experiences Monthly Time-Lost Plain
11%
3.81 Tower of Outer Space Exploration Monthly Time-Lost Plain
11%
3.96 Tower of Overcoming Hatred Normal Ring 2 | Desire
11%
1.99 Tower of Overestimating Difficulty Normal Zone 3 | Sky
11%
2.94 Tower of Peaceful Vibes Monthly Time-Lost Plain
11%
2.76 Tower of Phone Snapping Normal Ring 2 | Desire
11%
2.78 Tower of Phone Snapping Event Legacy Fortress
11%
1.97 Tower of Placid Travels Monthly Time-Lost Clockwork
11%
2.84 Tower of Pushing Objects Monthly Time-Lost Plain
11%
2.72 Tower of Quantum Rhythm Unreleased Steelspire Horizon
11%
2.?? Tower of Rainforest Ascension Scrapped Unplayable
11%
3.82 Tower of Ravelled Motion Normal Zone 6 | Mars
11%
3.23 Tower of Rough Waters Normal Zone 7 | Asteroid Belt
11%
3.48 Tower of Savory Citrus Platforming Monthly Time-Lost Sands
11%
2.98 Tower of Slanted Anticipation Normal Zone 2 | Surface
11%
2.38 Tower of Somewhat Simple Scaling Normal Ring 8 | Fraud
11%
3.40 Tower of Sovereign Traveling Normal Zone 5 | The Moon
11%
3.61 Tower of Spaceship Finding Monthly Time-Lost Plain
11%
2.77 Tower of Standard Newcomings Monthly Time-Lost Sands
11%
2.85 Tower of Steel and Thunder Unreleased Steelspire Horizon
11%
2.55 Tower of Sunshower Lambent Unreleased Ring 0 | Purgatorio
11%
3.72 Tower of Sweet Victory Normal Zone 7 | Asteroid Belt
11%
3.85 Tower of Ten Floors Challenge Unreleased Steelspire Horizon
11%
3.60 Tower of Terrible Mondays Normal Ring 4 | Greed
11%
3.99 Tower of Trivial Resentment Normal Ring 5 | Wrath
11%
1.72 Tower of Trouble Event Legacy Fortress
11%
3.79 Tower of Two Sided Troubles Normal Lost River
11%
3.56 Tower of Up Is Down Normal Zone 4 | Exosphere
11%
2.24 Tower of Various Pressures Unreleased Ring 0 | Purgatorio
11%
2.68 Tower of Venomous Resonance Normal Zone 2 | Surface
11%
2.39 Tower of Very Simple Downfall Monthly Time-Lost Sands
11%
3.50 Tower of Vesi Leikki Event BIOUMS
11%
3.88 Tower of Viaduct Traversing Normal Ashen Towerworks
11%
3.55 Tower of Winning Every Run Normal Ring 3 | Gluttony
11%
2.6? / 2.7? Tower of Woven Technique Deconfirmed Ring 0 | Purgatorio
11%
3.81 Tower of Xanthophobia Normal Zone 3 | Sky
11%
2.54 Tower of Yelling: Slightly Upset Event BIOUMS
11%
2.48 Tower of Yo Mama Event Fool's Ring 9
11%
3.88 Tower of Zingy Gaming Normal Lost River
11%
2.82 Water Slide of Crazy Difficult Event The Doghouse
11%
Medium [2.00-2.99]
0%
Easy [1.00-1.99]
0%
Effortless [0.00-0.99]
0%
Hard [3.00-3.99]
0%
3.91 Tower of Super Stupid Security Systems Normal Zone 5 | The Moon
0%
No matching quizzes found
Score Distribution
Percent of People with Each Score
Percentile by Number Answered
Your Score History
You have not taken this quiz since the last reset